Adopción y filiación adoptiva
שמור ב:
| מחבר ראשי: | |
|---|---|
| פורמט: | ספר |
| שפה: | ספרדית |
| יצא לאור: |
Santiago
Jurídica de Chile
2002
|
| נושאים: | |
| תגים: |
הוספת תג
אין תגיות, היה/י הראשונ/ה לתייג את הרשומה!
|
MARC
| LEADER | 00000nam a2200000 a 4500 | ||
|---|---|---|---|
| 001 | UCM2918 | ||
| 003 | CL-VaPUC | ||
| 008 | 020621e20020400CL |||||||||||||||||spa|d | ||
| 020 | |a 9561013908 | ||
| 082 | 0 | 4 | |a 346.83017 |b COR |2 21 |
| 100 | 0 | |a Corral Talciani, Hernán Felipe |e author |9 469663 | |
| 245 | 1 | 0 | |a Adopción y filiación adoptiva |
| 300 | |a 325 p | ||
| 942 | |c BK | ||
| 945 | |d 20020621 00:00:00 |a vberengu | ||
| 260 | |a Santiago |b Jurídica de Chile |c 2002 | ||
| 650 | 0 | |a Adopción |9 255783 | |
| 650 | 0 | |a Filiación |9 256647 | |
| 650 | 0 | |a Filiación adoptiva |9 469664 | |
| 651 | 7 | |a CHILE |2 CL-VaPUC |9 469665 | |
| 583 | |a last modification |c 20020621 00:00:00 |k Rodrigo Vera | ||
| 999 | |c 300534 |d 300532 | ||
| 952 | |0 0 |1 0 |4 0 |6 346_830170000000000_COR_2002 |7 0 |8 A |9 358401 |a BIBDER |b BIBDER |d 2019-11-21 |i 3822125 |l 5 |m 2 |o 346.83017 COR 2002 |p 3822125 |r 2023-10-03 |s 2023-09-26 |w 2019-11-21 |y BK |k DER | ||
| 952 | |0 0 |1 0 |4 0 |6 346_830170000000000_COR_2002 |7 0 |8 A |9 358402 |a BIBDER |b BIBDER |d 2019-11-21 |i 4169174 |o 346.83017 COR 2002 |p 4169174 |r 2023-01-25 |w 2019-11-21 |y BK |k DER | ||